header

Journalism my way (Record no. 160217)

MARC details
000 -LEADER
fixed length control field 01103nam a2200289Ia 4500
100 1# - MAIN ENTRY--AUTHOR NAME
Personal name Pulford, Cedric.
245 10 - TITLE STATEMENT
Title Journalism my way
260 ## - PUBLICATION, DISTRIBUTION, ETC. (IMPRINT)
Place of publication Woodford Halse, Northants, UK :
Name of publisher Ituri,
Year of publication 2013.
300 ## - PHYSICAL DESCRIPTION
Number of Pages viii, 274 p.
500 ## - GENERAL NOTE
General note Includes index.
650 #0 - SUBJECT ADDED ENTRY--TOPICAL TERM
Topical Term Journalists
856 40 - ELECTRONIC LOCATION AND ACCESS
Uniform Resource Identifier http://site.ebrary.com/lib/rucke/Doc?id=10639759

No items available.

© 2026 Rongo University
Contact us: librarian | system librarian | Rongo university